| 000 | 00500nam a2200181Ia 4500 | ||
|---|---|---|---|
| 003 | IN-BaIIA | ||
| 008 | 211028s9999 xx 000 0 eng d | ||
| 040 | _cIIA Library | ||
| 080 |
_a539.2 _bCAR |
||
| 100 |
_aCarter, G _97396 |
||
| 245 | 0 |
_aIon bombardment of solids _cG. Carter and J. S. Colligon |
|
| 260 |
_aLondon _bHeinemann _c1968 |
||
| 300 | _aviii, 446p. | ||
| 650 | _aAstronomy and astrophysics thesaurus | ||
| 650 | _aSolid state physics | ||
| 700 |
_aColligon, J. S. _97397 |
||
| 942 | _cBK | ||
| 999 |
_c4209 _d4209 |
||